Statistics for Beatles song title using 5 consecutive lyrics

Click here to take the quiz!

General Stats

  • This quiz has been taken 72 times
  • The average score is 8 of 15

Answer Stats

HintAnswer% Correct
My independence seems to vanishHelp
83%
I went into a dreamA Day in the Life
76%
I’ll write home every dayAll My Loving
76%
Thought she was a womanGet Back
66%
I told her I didn’tNorwegian Wood
66%
And I notice it’s turningWhile My Guitar Gently Weeps
59%
A place to hide awayYesterday
59%
So long to find outDay Tripper
55%
Leave me where I amI’m Only Sleeping
47%
But I’m changing my sceneGetting Better
36%
Run the risk of knowingWe Can Work It Out
36%
I stop and I turnHelter Skelter
34%
I could make it longerPaperback Writer
34%
When I was a boyShe Said She Said
33%
Heart that’s oh so trueFrom Me To You
24%

Score Distribution

Percentile by Number Answered

Percent of People with Each Score

Your Score History

You have not taken this quiz